Âm vang thời chưa xa Hồi ký
Hồi ký về cuộc đời của tác giả gắn liền với những sự kiện lịch sử của dân tộc từ khi có đảng đến chiến thắng Điện Biên Phủ lẫy lừng
Guardat en:
| Autor principal: | |
|---|---|
| Format: | Llibre |
| Idioma: | Vietnamese |
| Publicat: |
H.
Văn học
1995
Hội văn học nghệ thuật Quảng Bình |
| Matèries: | |
| Etiquetes: |
Afegir etiqueta
Sense etiquetes, Sigues el primer a etiquetar aquest registre!
|
| Thư viện lưu trữ: | Mạng thư viện Đại học Đà Nẵng |
|---|
| LEADER | 01365nam a2200373 4500 | ||
|---|---|---|---|
| 001 | 000005665 | ||
| 003 | 1811 | ||
| 005 | 20120418150449.0 | ||
| 008 | 110818s1995 viesd | ||
| 020 | |c 50000đ | ||
| 041 | 0 | |a vie | |
| 082 | |a 895.922803 |b XU-H | ||
| 100 | 0 | |a Xuân Hoàng | |
| 245 | 0 | |a Âm vang thời chưa xa |b Hồi ký |c Xuân Hoàng | |
| 260 | |a H. |b Văn học |c 1995 | ||
| 260 | |a Hội văn học nghệ thuật Quảng Bình | ||
| 300 | |a 705 tr. |c 19 cm. | ||
| 520 | |a Hồi ký về cuộc đời của tác giả gắn liền với những sự kiện lịch sử của dân tộc từ khi có đảng đến chiến thắng Điện Biên Phủ lẫy lừng | ||
| 653 | |a Văn học hiện đại | ||
| 653 | |a Việt nam | ||
| 653 | |a Hồi ký | ||
| 653 | |a Kháng chiến chống pháp | ||
| 700 | |a Xuân Hoàng | ||
| 910 | |a Huỳnh Thị Cẩm Lai |d 18/08/2011 | ||
| OWN | |a LSP | ||
| AVA | |a UDN50 |b LSP |d 895.922803 XU-H |e available |t Error 5001 Not defined in file expand_doc_bib_avail. |f 2 |g 0 |h N |i 0 |k 1 | ||
| 999 | |a From the UDN01 | ||
| AVA | |a UDN50 |b LSP |d 895.922803 XU-H |e available |t Error 5001 Not defined in file expand_doc_bib_avail. |f 2 |g 0 |h N |i 0 |k 1 | ||
| TYP | |a Monograph | ||
| TYP | |a Printed language | ||
| 980 | |a Mạng thư viện Đại học Đà Nẵng | ||